Anuario de clínica médica / (Record no. 2513)

MARC details
000 -LEADER
campo de control de longitud fija 00865nas a2200277 i 4500
001 - NÚMERO DE CONTROL
campo de control 2513
003 - IDENTIFICADOR DE NÚMERO DE CONTROL
campo de control ES-MaACL
005 - FECHA Y HORA DE LA ÚLTIMA TRANSACCIÓN
campo de control 20250807062542.0
007 - CAMPO FIJO DE DESCRIPCIÓN FÍSICA--INFORMACIÓN GENERAL
campo de control de longitud fija t|
008 - DATOS DE LONGITUD FIJA--INFORMACIÓN GENERAL
campo de control de longitud fija 950801c1943 ag | | 1 ||pa d
022 ## - NÚMERO INTERNACIONAL NORMALIZADO PARA PUBLICACIONES SERIADAS
Número Internacional Normalizado para Publicaciones Seriadas 9929-1851
080 ## - NÚMERO DE LA CLASIFICACIÓN DECIMAL UNIVERSAL
Número de la Clasificación Decimal Universal 82
245 00 - MENCIÓN DEL TÍTULO
Título Anuario de clínica médica /
Mención de responsabilidad, etc. publicado bajo la dirección de los doctores George F. Dick, [...] ; versión española por el doctor Rubén Darío.
250 ## - MENCION DE EDICION
Mención de edición 1ª ed. castellana.
260 ## - PUBLICACIÓN, DISTRIBUCIÓN, ETC.
Lugar de publicación, distribución, etc. Buenos Aires :
Nombre del editor, distribuidor, etc. Librería Panamericana,
Fecha de publicación, distribución, etc. 1943-
300 ## - DESCRIPCIÓN FÍSICA
Extensión 1 v. :
Otras características físicas il. ;
Dimensiones 24 cm.
310 ## - PERIODICIDAD ACTUAL
Periodicidad actual Anual
362 1# - FECHAS DE PUBLICACIÓN Y/O DESIGNACIÓN SECUENCIAL
Fecha de publicación y/o designación secuencial 1943.
580 ## - NOTA DE RELACIÓN COMPLEJA
Nota de relación compleja Versión española de: Year book of general medicine.
650 17 - PUNTO DE ACCESO ADICIONAL DE MATERIA--TÉRMINO DE MATERIA
Término de materia o nombre geográfico como elemento de entrada Medicina
Fuente del encabezamiento o término embne
9 (RLIN) 14891
700 1# - ENTRADA AGREGADA--NOMBRE PERSONAL
Nombre de persona Dick, George F.
9 (RLIN) 44485
700 1# - ENTRADA AGREGADA--NOMBRE PERSONAL
Nombre de persona Darío, Rubén,
Fechas asociadas al nombre 1891-1970
9 (RLIN) 138175
852 ## - LOCALIZACIÓN
Ubicación ES-MaACL
Número de control de estantería E-4550
866 #0 - MENCIÓN TEXTUAL DE FONDOS--UNIDAD BIBLIOGRÁFICA BÁSICA
Fondos 1943.
Holdings
Estatus retirado Estado de pérdida Estado de daño No para préstamo Colección Biblioteca de origen Biblioteca actual Ubicación en estantería Fecha de adquisición Fuente de adquisición Total de préstamos Signatura topográfica completa Código de barras Visto por última vez Precio de reemplazo Tipo de ítem Koha
        Periódicos y Revistas Biblioteca del Ateneo de Madrid Biblioteca del Ateneo de Madrid Depósito 2 17/01/2008     E-4550 1002556 23/02/2023 23/02/2023 Revista